ბათუმის შოთა რუსთაველის სახელმწიფო უნივერსიტეტის ბიბლიოთეკა

საქართველოს არქეოლოგიის ძირითადი საკითხები : (ბიბ.ჩანაწერი № 54991)

000 -ლიდერი
ფიქსირებული სიგრძის საკონტროლო ველი 01697nam a2200301Ia 4500
001 - საკონტროლო ნომერი
საკონტროლო ველი 22062
003 - საკონტროლო ნომრის იდენტიფიკატორი
საკონტროლო ველი GE_BSU
005 - ბოლო ოპერაციის თარიღი და დრო
საკონტროლო ველი 20221010120126.0
008 - ფიქსირებული სიგრძის მონაცემთა ელემენტები - ზოგადი ინფორმაცია
ფიქსირებული სიგრძის საკონტროლო ველი 181216s ||||ge |||||||||||||| ||geo||
020 ## - წიგნის საერთაშორისო სტანდარტული ნომერი
International Standard Book Number 9789941132469
040 ## - კატალოგიზაციის წყარო
Transcribing agency GE_BSU
041 ## - ენის კოდი
Language code of text/sound track or separate title geo
080 ## - უნივერსალური ათობითი კლასიფიკაციის ინდექსი
Universal Decimal Classification number 902.22(479.22) ჯ-26
100 ## - მთავარი ჩანაწერი - პიროვნების სახელი
Personal name ჯაფარიძე, ოთარ
9 (RLIN) 15176
245 ## - ცნობა სათაურის შესახებ
Title საქართველოს არქეოლოგიის ძირითადი საკითხები :
Remainder of title სტატიები, წერილები, მოგონებები /
Statement of responsibility, etc ოთარ ჯაფარიძე ; რედ. გურამ გრიგოლია.
264 ## - წარმოების, გამოცემის, დისტრიბუციის და სხვა ცნობები
გამოცემის, წარმოების, დისტრიბუციის... ადგილი თბილისი :
გამოცემის, წარმოების, დისტრიბუციის... სახელწოდება თბილ. უნ-ტის გამ-ბა,
გამოცემის, წარმოების, დისტრიბუციის... თარიღი 2012.
300 ## - ფიზიკური აღწერა
Extent 624 გვ. :
Other physical details ილ. ;
Dimensions 26 სმ.
653 ## - INDEX TERM--UNCONTROLLED
Uncontrolled term არქეოლოგია
653 ## - INDEX TERM--UNCONTROLLED
Uncontrolled term საქართველოს არქეოლოგიის ძირითადი საკითხები
653 ## - INDEX TERM--UNCONTROLLED
Uncontrolled term სტატიები
653 ## - INDEX TERM--UNCONTROLLED
Uncontrolled term წერილები
653 ## - INDEX TERM--UNCONTROLLED
Uncontrolled term მოგონებები
653 ## - INDEX TERM--UNCONTROLLED
Uncontrolled term წიგნი განკუთვნილია საქარტველოს არქეოლოგიით დაინტერესებული მკითხველთათვის
700 ## - ADDED ENTRY--PERSONAL NAME
Personal name გრიგოლია, გურამ
Relator term რედაქტორი
9 (RLIN) 15177
710 ## - ADDED ENTRY--CORPORATE NAME
Corporate name or jurisdiction name as entry element ივანე ჯავახიშვილის სახელობის თბილისის სახელმწიფო უნივერსიტეტი
9 (RLIN) 15180
942 ## - ADDED ENTRY ELEMENTS (KOHA)
Koha item type წიგნი
Source of classification or shelving scheme
ეგზემპლარები
ჩამოწერის სტატუსი დაკარგული ეგზემპლარის სტატუსი კლასიფიკაციის წყარო ან თაროზე გაწყობის სქემა დაზიანების სტატუსი არ გაიცემა მუდმივი მდებარეობა (დაცვის ადგილი) ამჟამინდელი ადგილსამყოფელი თაროზე განთავსების ადგილი შეძენის თარიღი ღირებულება, შესყიდვის ნორმალური ფასი სრული შენახვის შიფრი შტრიხკოდი ბოლო ოპერაციის თარიღი ეგზემპლარის მიმდევრობითი ნომერი (კეტერი?) ფასის ძალაში შესვლის თარიღი ეგზემპლარის სახეობა საჯარო შენიშვნა
          ბათუმის შოთა რუსთაველის სახელმწიფო უნივერსიტეტის მთავარი ბიბლიოთეკა ბათუმის შოთა რუსთაველის სახელმწიფო უნივერსიტეტის მთავარი ბიბლიოთეკა წიგნსაცავი 2018-12-17 34.50 902.22(479.22) ჯ-26 56851 2018-12-17 56851 2018-12-17 წიგნი 34.50 ₾.
          ბათუმის შოთა რუსთაველის სახელმწიფო უნივერსიტეტის მთავარი ბიბლიოთეკა ბათუმის შოთა რუსთაველის სახელმწიფო უნივერსიტეტის მთავარი ბიბლიოთეკა წიგნსაცავი 2018-12-17 34.50 902.22(479.22) ჯ-26 56852 2018-12-17 56852 2018-12-17 წიგნი 34.50 ₾.